Library Banner

Witness to surrender (Record no. 82878)

MARC details
000 -LEADER
fixed length control field 00396nam a22001577a 4500
005 - DATE AND TIME OF LATEST TRANSACTION
control field 20160216122901.0
008 - FIXED-LENGTH DATA ELEMENTS--GENERAL INFORMATION
fixed length control field 160216b xxu||||| |||| 00| 0 eng d
020 ## - INTERNATIONAL STANDARD BOOK NUMBER
International Standard Book Number 0195772571
040 ## - CATALOGING SOURCE
Transcribing agency PK-LaUMT
082 ## - DEWEY DECIMAL CLASSIFICATION NUMBER
Classification number AMC 954.9205
Item number SID-W
100 ## - MAIN ENTRY--PERSONAL NAME
Personal name Siddiq salik
245 ## - TITLE STATEMENT
Title Witness to surrender
Statement of responsibility, etc Siddiq salik
260 ## - PUBLICATION, DISTRIBUTION, ETC. (IMPRINT)
Place of publication, distribution, etc Oxford
Name of publisher, distributor, etc Oxford university
Date of publication, distribution, etc 1978
300 ## - PHYSICAL DESCRIPTION
Extent 245 p.
942 ## - ADDED ENTRY ELEMENTS (KOHA)
Koha item type Books
Holdings
Withdrawn status Lost status Damaged status Home library Current library Date acquired Full call number Barcode Date last seen Price effective from Koha item type
      UMT Main Campus UMT Main Campus 2016-02-16 AMC 954.9205 SID-W 85631 2022-03-10 2016-02-16 Books